000 00625cam6a220021700 4500
001 zam00003585
008 951128s1973 xx eng u
035 _a(Sirsi) r20910
035 _a(MACHINE)SLC.
100 _aWebor, G. T.
_6A82459.1
245 1 0 _aBacterial & fungal diseases of plants in Tropics.
260 _c1973.
949 _aSB605.T7
_wlcc
_mMAIN
_p2500
_tBOOK
_lON-SHELF
004 20910
591 _aClass code: BS 935.
591 _aCourse: Mycology and plant pathology.
591 _aSchool: S09.
591 _aLecturer: Prof. KAPOORIA, R.G.
591 _aNumber of Students: 29.
909 _aBook
999 _c172659
_d172659